000 03876cam a2200337 i 4500
001 a48800712
003 SIRSI
005 20260304140548.0
008 250627t20252025fr 000 f fre d
020 _a9782021591859
_q(paperback)
020 _a2021591859
_q(paperback)
035 _a(OCoLC)1534081360
040 _aAUXAM
_beng
_erda
_cAUXAM
_dIND
_dYDX
_dOCLCO
_dPUL
_dOCLCQ
_dUPM
_dUtOrBLW
041 _aFrench
050 4 _aPQ3989.2.M217
_bR36 2025
100 _aMabanckou, Alain, - 1966- author.
_d1966-
_eauthor.
_1https://id.oclc.org/worldcat/entity/E39PBJmP3CtvxyVyrfjcGdgYfq
_0http://id.loc.gov/authorities/names/no96008267
_4http://id.loc.gov/vocabulary/relators/aut
245 1 0 _aRamsès de Paris
_b: roman
_c/ Alain Mabanckou.
264 1 _aParis :
_bSeuil,
_c[2025]
300 _a256 pages ;
_c21 cm.
490 1 _aCollection "Fiction & Cie"
520 _a"Le narrateur de ce roman, jeune écrivain en herbe qui se fait volontiers appeler Berado prince de Zamunda, vit sous la coupe et dans l'ombre de son grand frère des faubourgs de Pointe-Noire, un certain Benoît, qu'il est venu rejoindre à Paris. Ce dernier, personnage fantasque, exerce sa verve dans le quartier de Château Rouge. Tout n'est pas bien clair dans sa vie, sinon qu'il sait charmer, les dames en premier. Il accumule les aventures de tous ordres, jusqu'au jour où il s'engage avec Lilwenn, qu'il épouse bientôt. Au grand désarroi de maman Mushama, la tenancière du restaurant Manioc Pays. Tout est réuni pour une embrouille. Mais les pistes se mélangent. Berado cherche à fausser les cartes, et pour imposer sa version des faits il se rend chez Ramsès, le réceptionniste et barman du Salam Hôtel, dans le XIe arrondissement. Son récit commence, sans cesse interrompu, et bientôt il plonge dans un étrange flottement, entre rêve et réalité. Est-ce l'effet du thé qu'on lui sert ? Dans ce roman à la fois drôle et sarcastique, Alain Mabanckou offre les Mille et Une Nuits de l'exil africain, dont les personnages hauts en couleur sont parfois des sortes de Pieds nickelés. On s'y attache, on rit. On en redemande."--Page 4 of cover.
520 _aThe narrator of this novel, a budding young writer who rather likes to call himself Berado, Prince of Zamunda, lives under the influence and in the shadow of his older brother from the outskirts of Pointe-Noire, a certain Benoît, whom he has come to join in Paris. Benoît, an eccentric character, plies his wit and charm in the Château Rouge district. Not much about his life is entirely clear, except that he knows how to charm people—ladies first and foremost. He piles up adventures of every kind, until the day he commits himself to Lilwenn, whom he soon marries. Much to the dismay of Mama Mushama, the owner of the Manioc Pays restaurant. All the ingredients are there for trouble. But the trail soon becomes tangled. Berado tries to stack the cards in his favour, and to impose his own version of events he goes to see Ramsès, the receptionist and barman at the Salam Hotel in the 11th arrondissement. His story begins—constantly interrupted—and before long he slips into a strange state of suspension, somewhere between dream and reality. Is it the effect of the tea he is served? In this novel, at once humorous and sharply sarcastic, Alain Mabanckou offers a kind of Arabian Nights of African exile, peopled with colourful characters who sometimes resemble lovable rogues. We grow fond of them, we laugh—and we want more.
650 0 _aAfricans — France — Fiction.
_926782
650 0 _aParis (France) — Fiction.
_926785
650 0 _aAfrican diaspora — Fiction.
_926784
650 0 _aImmigrants — France — Fiction.
_926783
655 0 _aFiction
_922716
655 0 _aFrench novels
_923601
830 0 _aFiction & Cie.
_0http://id.loc.gov/authorities/names/n42011450
942 _2lcc
999 _c5376
_d5376